00445nam a2200121Ia 4500008004100000024005500041082001900096100006900115245005400184260002500238600002700263650003300290250506s9999 xx 000 0 und d a11B-175-EL, 09B-96-EE, 10B-163-EE & 11B-177-EL a670.427072 JAM aJam Ali Mehdi, Muhammad Wahid, Ali Sarwar & Farhan Mohammed Aden 0aAutomation of Machine Through Internet Wirelessly aKarachi:bUIT,c2011 aElectronic Engineering aBachelor of Engineering (BE)